000 00842cam a22002534a 4500
003 NUST
005 20260702094636.0
008
020 _a0273739271 (Paperback)
040 _cNUST
_aNUST
_beng
_dNUST
_erda
050 _aHD31
_bBOD
100 1 _aBoddy, David
_eauthor
245 1 0 _aManagement :
_ban introduction /
_cDavid Boddy.
250 _aFifth edition.
260 _aHarlow :
_bFinancial Times Prentice Hall,
_c©2011.
300 _axxi, 676 pages :
_billustrations ;
_c27 cm.
336 _2rdacontent
_atext
_btxt
337 _2rdamedia
_aunmediated
_bn
338 _2rdacarrier
_avolume
_bnc
504 _aIncludes bibliographical references and index.
650 0 _aManagement.
700 1 _aPaton, Steve
_eauthor
942 _cBOOKS
_kHD
_mBOD
_2lcc
_eFifth edition.
_hHD31 BOD
_n0
999 _c140568
_d140568